<?xml version="1.0" encoding="UTF-8"?>
<marc:record xmlns:marc="http://www.loc.gov/MARC21/slim">
   <marc:leader>00000nam a2200000 a 4500</marc:leader>
   <marc:datafield ind1="1" ind2=" " tag="100">
      <marc:subfield code="a">Sprinz, Sarah</marc:subfield>
      <marc:subfield code="4">aut</marc:subfield>
      <marc:subfield code="e">Verfasser/-in</marc:subfield>
   </marc:datafield>
   <marc:datafield ind1=" " ind2=" " tag="653">
      <marc:subfield code="a">Liebe</marc:subfield>
   </marc:datafield>
   <marc:datafield ind1=" " ind2=" " tag="653">
      <marc:subfield code="a">Romance</marc:subfield>
   </marc:datafield>
   <marc:datafield ind1="0" ind2="0" tag="245">
      <marc:subfield code="a">Dunbridge Academy</marc:subfield>
   </marc:datafield>
   <marc:datafield ind1="0" ind2="0" tag="245">
      <marc:subfield code="b">Anyone</marc:subfield>
   </marc:datafield>
   <marc:datafield ind1=" " ind2="1" tag="264">
      <marc:subfield code="b">LYX Egmont</marc:subfield>
      <marc:subfield code="c">2022</marc:subfield>
   </marc:datafield>
   <marc:datafield ind1="1" ind2=" " tag="490">
      <marc:subfield code="a">Dunbridge Academy Reihe</marc:subfield>
   </marc:datafield>
   <marc:datafield ind1="1" ind2=" " tag="520">
      <marc:subfield code="a">Ich will nicht Irgendwer für sie sein, ich will alles sein  Charles Sinclair ist Victoria Belhaven-Wynfords bester Freund. Seit der fünften Klasse ist er derjenige, dem Tori sich anvertrauen kann. Nur von den Bauchschmerzen, die einfach nicht verschwinden wollen, seit sie ihren Schwarm Valentine datet, kann sie ihm nicht erzählen. Unterbewusst spürt Tori, dass es nicht Liebe ist, was Valentine und sie verbindet - anders als bei ihrem besten Freund. Doch Sinclairs Aufmerksamkeit gehört ihrer Mitschülerin Eleanor, an deren Seite er bei der alljährlichen Theateraufführung der Dunbridge Academy als Romeo auf der Bühne stehen wird. Nicht dass es Tori etwas ausmachen würde. Wäre sie nicht diejenige, die in der Drehbuch-AG nun auch noch höchstpersönlich die Liebesgeschichte für ihn und seine Julia schreiben soll ...  Band 2 der DUNBRIDGE-ACADEMY-Reihe von SPIEGEL-Bestseller-Autorin Sarah Sprinz</marc:subfield>
   </marc:datafield>
   <marc:datafield ind1=" " ind2=" " tag="020">
      <marc:subfield code="a">9783736316850</marc:subfield>
      <marc:subfield code="9">9783736316850</marc:subfield>
   </marc:datafield>
</marc:record>
